Animal Superlatives #QCC - Statistics

General Stats
  • This quiz has been taken 77 times
  • The average score is 9 of 16
Answer Stats
Hint Answer % Correct
Largest Land African Elephant
100%
Largest Blue Whale
94%
Fastest Land Cheetah
90%
Tallest Giraffe
87%
Largest Bird (Mass) Ostrich
78%
Slowest Land Animal Sloth
78%
Largest Land Carnivore Polar Bear
68%
Fastest Peregrine Falcon
59%
Largest Bird by (Wingspan) Wandering Albatross
59%
Deadliest (By Humans Killed) Mosquito
57%
Longest Sleeper Koala
35%
Smallest Mammal (Mass) Etruscan Shrew
33%
Smallest Mammal (Size) Bumblebee Bat
29%
Fastest Marine Black Marlin
28%
Shortest Lifespan Mayfly
25%
Strongest (Relative to Weight) Dung Beetle
14%
No matching quizzes found
Score Distribution
Percent of People with Each Score
Percentile by Number Answered
Your Score History
You have not taken this quiz